000 00308nam a22001337a 4500
008 170818b xxu||||| |||| 00| 0 eng d
020 _a0542168702
041 _aeng
080 _a51
100 _a37
101 _aMAT
245 _aANLYSIS AND DESIGN OF STREAM CIPHERS
_cRUEPPEL.R.A
942 _2udc
_cBK
999 _c24046
_d24046